LEADER 01476nam a2200289 u 4500 001 000000081397 003 CaOOAMICUS 005 20070226123742.0 008 050321s1930 it u000 u ita u 035 $a11035516 040 $aPUL(R)$bita 041 0 $aita$alat 100 0 $aThomas Aquinas,$cs.,$dc. 1225-1274.$0(OLS)http://pul/name/3373 240 10$aSumma theologiae$9(Thomas Aquinas, s., c. 1225-1274).$lItaliano$1Gruppi, scelte.$0(OLS)http://pul/title/84128 245 13$aIl Maestro :$bestratti dalla Somma Teologica e dalle questioni "De Veritate" /$cS. Tommaso D'Aquino ; con introduzione e commento di Giuseppe Muzio. 260 $aTorino :$bSocietà Editrice Internazionale,$c1930. 300 $a122 p. ;$c20 cm 490 1 $aLetture di pedagogia ;$v8 700 1 $aMuzio, Giuseppe.$0(OLS)http://pul/name/507 700 0 $aThomas Aquinas,$cs.,$dc. 1225-1274$tQuaestiones disputatae$9(Thomas, Aquinas, s., c. 1225-1274).$pDe veritate.$0(OLS)http://pul/name/54252 830 0$aLetture di pedagogia ;$v8.$0(OLS)http://pul/title/21108 850 $aPUL 852 $aPUL$W1$xDP1 Fondo Cecchetti$y53$m260 D 74.1$j193503$nBK-PRI$b $qFondi$B103838$CPULBib$Z2$F103838 $81 900 $aTommaso d'Aquino,$cs.,$dc.1225-1274$93373 941 1 $a1 996 $6245$aIl Maestro :$bestratti dalla Somma Teologica e dalle questioni "De Veritate"$9(OLS)http://pul/title/106471 996 $6260$aTorino :$bSocietà Editrice Internazionale$9(OLS)http://pul/publisher/48746 LEADER 01767nam a2200337 a 4500 001 000000175309 003 CaOOAMICUS 005 20220623154004.0 008 220623s2020 it u000 u ita r 020 $a978-88-08-62078-1* 032 $aLibriCat 040 $aPUL$bita 082 04$a346.45 245 00$aRegolamentazione delle unioni civili tra persone dello stesso sesso e disciplina delle convivenze: $blegge 20 maggio 2016, n.76 / $ca cura di Salvatore Patti ; con i contributi di Davide Achille ... [et al.]. 260 $aBologna :$bZanichelli,$c2021. 300 $aXXXIV, 806 p. ;$c25 cm 490 1 $aCommentario del codice civile e codici collegati Scialoja-Branca-Galgano.$aLibro Primo.$aDelle persone e della famiglia 500 $aInclude indice. 504 $aBibliografia in nota. 650 4$aUnioni civili$zItalia.$0(OLS)http://pul/subject/43613 700 1 $aPatti, Salvatore.$0(OLS)http://pul/name/26751 700 1 $aAchille, Davide.$0(OLS)http://pul/name/92297 830 0$aCommentario del Codice civile Scialoja-Branca.$bLibro primo, Delle persone e della famiglia ;$vlegge 20 maggio 2016, n.76.$0(OLS)http://pul/title/216719 850 $aPUL 852 $aPUL$W1$xSL Diritto e Scienze Sociali 3$y79$m346. 45 COLL 7.3$j199513$qDDC 21$B204232$CPULBib$Z2$F204232 $H135658 $82 941 1 $a9 996 $6020$a978-88-08-62078-1*$9(OLS)http://pul/number/168709 996 $6082$a346.45$9(OLS)http://pul/classification/372 996 $6245$aRegolamentazione delle unioni civili tra persone dello stesso sesso e disciplina delle convivenze: $blegge 20 maggio 2016, n.76 / $9(OLS)http://pul/title/216727 996 $6260$aBologna :$bZanichelli$9(OLS)http://pul/publisher/48255